000 00295nam a22001337a 4500
008 170130b xxu||||| |||| 00| 0 eng d
020 _a0721632440
041 _aeng
080 _24TH
_a61
100 _a3
101 _aSHMI
245 _aTHE LANGUAGE OF MEDICINE
_cCHABNER, D.E
942 _2udc
_cBK
999 _c4030
_d4030